000 01062nam a2200265 i 4500
001 bg
100 1 _aKOWALSKA, Wanda
245 1 0 _aTeoretyczne badania nieustalonego przepływu ścieków w kanalizacji /
_cWanda Kowalska, Andrzej Prystaj, Artur Wieczysty ; Politechnika Krakowska im. Tadeusza Kościuszki.
260 _aKraków :
_bPK,
_c2000.
300 _a140, [2] s. :
_bil. ;
_c24 cm.
490 1 _aMonografia / Politechnika Krakowska im. Tadeusza Kościuszki. Inżynieria Sanitarna i Wodna
500 _aISSN i nr serii gł.: 0860-097X ; 264. - Streszcz. ang., niem.
504 _aBibliogr.
650 9 _aALFA (program komputerowy)
650 9 _aPrzepływ
_xbadanie
700 1 _aPRYSTAJ, Andrzej
700 1 _aWIECZYSTY, Artur
710 0 _aPolitechnika Krakowska im. Tadeusza Kościuszki
830 0 _aMonografia (Politechnika Krakowska im. Tadeusza Kościuszki).
_pInżynieria Sanitarna i Wodna
040 _cBPK
041 0 _apl
_bende
080 _a628.5/.6:532:004.94](438)
942 _cKS
008 s pl f |000 0 pol
999 _c37664
_d37664
856 _uhttp://koha.tu.koszalin.pl/cgi-bin/koha/opac-detail.pl?biblionumber=37664
_yKatalog online BPK